01226 2200205 4500001002100000005001500021035002000036008004100056245004000097100002000137250000600157260003800163300001200201084001400213082000800227650001000235520075100245990001200996990001201008INLIS00000000000097020240530100521 a0010-0524000205240530 1 ind 1 aLove Means A Lot /cMarina J. Loing aLoing, Marina J a1 aYogyakarta :bSheila/ Andi,c2007 a200 hlm a813 MAR l a813 4aFiksi aMeilan dan Sulis menjadi akrab sejak duduk di bangku kelas 1 SMA. Keduanya berasal dari ekonomi keluarga berbeda dan mempunyai kepribadian yang relatif berbeda. Tapi ada aspek kesamaan di antara mereka sehingga perbedaan yang ada tidak menghalangi mereka menjadi akrab.Persahabatan Meilan dan Sulis nyaris retak gara-gara kejadian yang terjadi sebelum kehadiran mereka di dunia. Kejadian yang tak dapat terhindari tapi akan menjadi bagian dari kehidupan mereka di kemudian hari bahkan sampai akhir hayat. Tak ada yang menginginkan sejarh kehidupan yang tak mengenakkan. Seperti juga tak seorang pun yang dapat menghapus sejarah masa lalu. Friksi di antara keduanya menjadikan "Taufik" bagai pelanduk di antara gajah yang sedang terjadi. Terjepit. a0741694 a0741695